• 首页
  • 本馆介绍
  • 公告通知
  • 最新文献
  • 馆藏检索
  • 电子资源
  • 读者导购
  • 参考咨询
  • 我的图书馆
  • 登录
  • 详细信息显示
  • 放入我的书架
  • 预约/预借图书
  • 作者相关作品
  • 分类相关作品
  • 丛书相关作品
  • 出版社相关作品

书目信息

  • 表格格式
  • 工作单格式
  • 卡片格式
题名:
社群营销与运营实战手册
    
 
作者: 吴智银 编著
分册:  
出版信息: 北京   人民邮电出版社  2020
页数: 14,211页
开本: 24cm
丛书名:
单 册:
中图分类: F713.365.2-62 , F713.3
科图分类:
主题词: 网络营销--手册
电子资源:
ISBN: 978-7-115-53412-5
000 01117nam0 2200253 450
001 2065738344
005 20210105111741.22
010    @a978-7-115-53412-5@dCNY59.80
100    @a20200722d2020 em y0chiy50 ea
101 0  @achi
102    @aCN@b110000
105    @ay z 000yy
200 1  @a社群营销与运营实战手册@9she qun ying xiao yu yun ying shi zhan shou ce@b专著@e电商引流+用户运营+活动策划+内容运营+品牌塑造@f吴智银编著
205    @a2版
210    @a北京@c人民邮电出版社@d2020
215    @a14,211页@d24cm
330    @a本书关注伴随着“网红”、社交电商、新零售等新兴商业模式而崛起的社群经济。全书分为9章,分别从社群构建、社群粉丝吸引、社群运营、社群互动、社群活动、社群个性、社群参与感打造、社群品牌化、社群精细化运营等方面,讲述了社群营销与运营的实操方法。
517 1  @a电商引流 用户运营 活动策划 内容运营 品牌塑造@9dian shang yin liu yong hu yun ying huo dong ce hua nei rong yun ying pin pai su zao
606 0  @a网络营销@j手册
690    @aF713.365.2-62@v5
690    @aF713.3@v4
701  0 @a吴智银@9wu zhi yin@c(市场营销学)@4编著
801  2 @aCN@b58marc.cn@c20200905
905    @aMUSE@dF713.3@e71
    
    社群营销与运营实战手册:电商引流+用户运营+活动策划+内容运营+品牌塑造/吴智银编著.-2版.-北京:人民邮电出版社,2020
    14,211页;24cm
    
    
    ISBN 978-7-115-53412-5:CNY59.80
    本书关注伴随着“网红”、社交电商、新零售等新兴商业模式而崛起的社群经济。全书分为9章,分别从社群构建、社群粉丝吸引、社群运营、社群互动、社群活动、社群个性、社群参与感打造、社群品牌化、社群精细化运营等方面,讲述了社群营销与运营的实操方法。
●
相关链接 在五车中查询图书 在当当中查询图书 在豆瓣中查询图书


正题名:社群营销与运营实战手册     索取号:F713.3/71         预约/预借

序号 登录号 条形码 馆藏地/架位号 状态 备注
1 2000877091   2000877091   第二书库/ [索取号:F713.3/71] 在馆    
2 2000877092   2000877092   第二书库/ [索取号:F713.3/71] 在馆    
3 871611   2000871611   第二书库/ [索取号:F713.3/71] 在馆    
4 871612   2000871612   第二书库/ [索取号:F713.3/71] 在馆    
5 871613   2000871613   第二书库/ [索取号:F713.3/71] 在馆    
山东省滨州职业学院图书馆 欢迎您!
大连网信软件有限公司© 版权所有